000 00661nam a2200217 i 4500
001 145554
003 ES-MaACL
005 20250826065253.0
007 t|
008 071015s1965 sp ||||1| cat d
080 _a331(04)
100 1 _aVentura, Jordi.
_9113919
245 1 0 _aVida del treball a tallers i fábriques "Teoria de les nacions" /
_cJordi Ventura.
260 _aBarcelona :
_b[Mediterránea],
_c1965.
300 _a47 p. ;
_c22 cm.
490 1 _aEntre tots ho farem tot ;
_v15
650 1 7 _aTrabajo
_2embne
_917590
830 0 _aEntre tots ho farem tot ;
_v15
_9187406
852 _aES-MaACL
_j2050-F-24
_bR.57945
999 _c145554
_d145554